| 000 | 00796nam a2200229 a 4500 | ||
|---|---|---|---|
| 005 | 20210223124804.0 | ||
| 008 | 021111s1999 mx r 000 0 spa d | ||
| 020 | _a9687529563 | ||
| 035 | _aUPN01000120945 | ||
| 049 | _aCG | ||
| 050 | 4 |
_aT57 _bA5.58 1999 |
|
| 100 | 1 |
_aAnderson, David Ray, _d1941- _930531 |
|
| 245 | 1 | 0 |
_aMétodos cuantitativos para los negocios / _cDavid R. Anderson, Dennis J. Sweeney, Thomas A. Williams ; tr. Gabriel Sánchez García. |
| 250 | _a7a ed. | ||
| 260 |
_aMéxico : _bInternational Thomson, _cc1999. |
||
| 300 |
_axix, 834 p. : _bil. |
||
| 650 | 4 |
_aADMINISTRACION - _vMODELOS MATEMATICOS _9427 |
|
| 650 | 4 |
_aTOMA DE DECISIONES - _vMODELOS MATEMATICOS _91890 |
|
| 700 | 1 |
_aSweeney, Dennis J., _ecoaut. |
|
| 700 | 1 |
_aWilliams, Thomas A., _ecoaut. |
|
| 905 | _aLibro | ||
| 999 |
_c93262 _d93262 |
||